000 01058nam a2200229Ii 4500
003 JO-AjNU
008 230605s9999||||xx |||||||||||||| ||und||
017 _a2014/7/3228
020 _a978-9957-16-890-2
040 _aJO-AjNU
_bara
_erda
_cJO-AjNU
041 _aara
050 1 4 _aHF5548.32.2015
100 3 _aتأليف الهاجري،فهد مبارك؛ اشراف الزعبي،خالد سمارة,
_eauthor
_950763
245 0 0 _aالعقود الادارية عبر الانترنت
250 _aط1
264 3 1 _aعمان:دار الثقافة للنشر والتوزيع؛2015
300 _a176ص
_bرسالة جامعية (ماجستير في القانون الخاص) -- جامعة عمان العربية (عمان، الأردن)؛ يحتوي على ببلوغرافية من ص169-176ص
336 _atext
_btxt
_2rdacontent
337 _aunmediated
_bn
_2rdamedia
338 _avolume
_bnc
_2rdacarrier
650 4 _a العقود الإدارية -- قوانين و أنظمة -- معالجة البيانات إلكترونيا
_950764
999 _aA22381
_c25949
_d25949